[Event "London Classic FIDE Open"]
[Site "London ENG"]
[Date "2011.12.09"]
[Round "7"]
[White "Casaschi, Paolo"]
[Black "Rutten, David"]
[Result "1-0"]
[WhiteElo "1996"]
[BlackElo "1861"]
[WhiteFideId "824895"]
[BlackFideId "1001604"]
[EventDate "2011.12.03"]

1. Nf3 c5 2. c4 g6 3. g3 Bg7 4. Bg2 Nc6 5. O-O Nf6 6. d4 cxd4 7. Nxd4 O-O 8. Nc3
Qb6 9. Nc2 d6 10. b3 Bd7 11. Bb2 Rfe8 12. h3 Rad8 13. e4 Ne5 14. Kh2 Nxc4 15.
Bc1 Ne5 16. Be3 Qc7 17. Ne2 Rc8 18. Rc1 Qa5 19. a4 b5 20. b4 Qxa4 21. Ned4 Qa2
22. Ra1 Qc4 23. Qb1 Nd3 24. Na3 Qc3 25. Naxb5 Bxb5 26. Nxb5 Qc2 27. Nxa7 Qxb1
28. Raxb1 Rb8 29. Nc6 Rb5 30. Rfd1 Ne5 31. Bf1 Rb7 32. Nxe5 dxe5 33. f3 Reb8 34.
b5 Ne8 35. b6 Nd6 36. Ra1 f5 37. Ra7 Kf7 38. Ba6 Rxb6 39. Bxb6 Rxb6 40. Bd3 Ke6
41. Ra2 Rb4 42. Re2 Rd4 43. Bc2 Rb4 44. Rde1 Nb5 45. Rb1 Rxb1 46. Bxb1 Nd4 47.
Re3 Bh6 48. Ra3 Bd2 49. Kg2 f4 50. g4 Kf6 51. Ra6+ e6 52. Ba2 Be1 53. Rb6 Bh4
54. Bb3 Bg5 55. Ba4 Bh4 56. Rb7 h6 57. Rc7 Ne2 58. Be8 Nd4 59. Rf7+ Kg5 60. Rg7
Kf6 61. Rxg6+ Ke7 62. Rxh6 Bg5 63. Rh5 Bf6 64. g5 1-0

[Event "London Classic FIDE Open"]
[Site "London ENG"]
[Date "2011.12.09"]
[Round "7"]
[White "Wigbout, Rod"]
[Black "Lappas, Konstantinos"]
[Result "1/2-1/2"]
[WhiteElo "1827"]
[BlackElo "1992"]
[WhiteFideId "419850"]
[BlackFideId "4275748"]
[EventDate "2011.12.03"]

1. d4 Nf6 2. c4 g6 3. Nc3 Bg7 4. e4 d6 5. Nf3 O-O 6. h3 c5 7. d5 e6 8. Be2 Re8
9. O-O exd5 10. exd5 Bf5 11. Bd3 Bxd3 12. Qxd3 Na6 13. Bg5 Qd7 14. Rfe1 Nc7 15.
Rab1 b6 16. a3 Rab8 17. Bf4 a6 18. a4 Bf8 19. Qd2 b5 20. axb5 axb5 21. Bg5 Bg7
22. b3 b4 23. Bxf6 Bxf6 24. Ne4 Bg7 25. Qf4 Red8 26. Nf6+ Bxf6 27. Qxf6 Re8 28.
Ng5 Rxe1+ 29. Rxe1 Re8 30. Rxe8+ Nxe8 31. Ne4 Qa7 32. Qf4 Qa1+ 33. Kh2 Qd4 34.
Qe3 Qe5+ 35. Ng3 Qxe3 36. fxe3 Kg7 37. Kg1 Kf6 38. Kf2 Ke5 39. Kf3 f5 40. Ke2 f4
41. Nf1 Nf6 42. exf4+ Kxf4 43. g3+ Ke4 44. Nd2+ Kd4 45. g4 h6 46. Nf3+ Kc3 47.
Nd2 Kc2 48. Ke3 g5 49. Ke2 h5 50. gxh5 Nxh5 51. Ne4 Nf4+ 52. Kf3 Kxb3 53. Nxd6
Kc3 54. Ne4+ Kxc4 55. d6 Ne6 56. d7 Kd5 57. Ke3 Kc6 58. Nxg5 Kxd7 59. Ne4 Kc6
60. h4 Kb5 61. h5 Kc4 62. h6 Nf8 63. Kd2 Nh7 64. Kc2 Kd4 65. Nd2 c4 66. Nf3+ Kd5
67. Nd2 Kc5 68. Nf3 Kb5 69. Nd2 Nf6 70. Ne4 Nh7 71. Nd2 Kc5 72. Ne4+ Kd4 73. Nd2
b3+ 1/2-1/2

[Event "London Classic FIDE Open"]
[Site "London ENG"]
[Date "2011.12.09"]
[Round "7"]
[White "Flynn, David"]
[Black "Veznik, Michael"]
[Result "1-0"]
[WhiteElo "1978"]
[BlackElo "1821"]
[WhiteFideId "410594"]
[BlackFideId "360287"]
[EventDate "2011.12.03"]

1. e4 g6 2. d4 Bg7 3. c4 c5 4. d5 d6 5. Nc3 Nf6 6. Bd3 O-O 7. h3 e6 8. Nf3 exd5
9. exd5 Re8+ 10. Be3 Bh6 11. Qd2 Bxe3 12. fxe3 Qe7 13. Kf2 Bf5 14. e4 Nxe4+ 15.
Nxe4 Bxe4 16. Bxe4 Qxe4 17. Rhe1 f5 18. Rxe4 fxe4 19. Re1 Nd7 20. Ng5 Nf6 21.
Ne6 Re7 22. g4 Rf7 23. Kg2 Re8 24. Rf1 Ree7 25. Qg5 Nd7 26. Rxf7 Kxf7 27. Qf4+
Ke8 28. Qxd6 b6 29. Qc7 a5 30. Qd8+ Kf7 31. Ng5+ Kf6 32. Nxe4+ 1-0

[Event "London Classic FIDE Open"]
[Site "London ENG"]
[Date "2011.12.09"]
[Round "7"]
[White "Millward, Kevin P"]
[Black "Gisbert Mir, Alejandro"]
[Result "1-0"]
[WhiteElo "1971"]
[BlackElo "1793"]
[WhiteFideId "404721"]
[BlackFideId "22253653"]
[EventDate "2011.12.03"]

1. e4 e5 2. Nf3 Nc6 3. d4 exd4 4. Nxd4 Bc5 5. Nxc6 Qf6 6. Qf3 dxc6 7. Bc4 Be6 8.
Nd2 O-O-O 9. Qxf6 Nxf6 10. Bxe6+ fxe6 11. f3 Rhf8 12. Nb3 Bb6 13. a4 a6 14. Rf1
h6 15. Bd2 Rf7 16. O-O-O Rfd7 17. Rde1 g5 18. h4 Rg8 19. g4 gxh4 20. Rh1 Rg6 21.
Ref1 Nxe4 22. fxe4 Rxg4 23. Rf8+ Rd8 24. Rxd8+ Kxd8 25. Bxh6 Rxe4 26. Bg5+ Ke8
27. Rxh4 Rxh4 28. Bxh4 Be3+ 29. Kd1 b5 30. a5 Kd7 31. Ke2 Ba7 32. Bg3 c5 33. Kf3
c4 34. Nd2 Bc5 35. c3 Be7 36. Ke4 c5 37. Bf4 Bd8 38. Nf3 Bf6 39. Ne5+ Bxe5 40.
Kxe5 b4 41. Bd2 b3 42. Bg5 Kc6 43. Kxe6 Kb5 44. Kd5 Kxa5 45. Kxc5 Ka4 46. Kxc4
a5 47. Kd5 Kb5 48. c4+ 1-0

[Event "London Classic FIDE Open"]
[Site "London ENG"]
[Date "2011.12.09"]
[Round "7"]
[White "Clayton, Tristan"]
[Black "Maduekwe, Chiedu"]
[Result "0-1"]
[WhiteElo "1812"]
[BlackElo "2180"]
[WhiteFideId "416533"]
[BlackFideId "8500118"]
[EventDate "2011.12.03"]

1. e4 e6 2. d4 d5 3. Nd2 c5 4. Ngf3 cxd4 5. exd5 Qxd5 6. Bc4 Qd6 7. O-O Nf6 8.
Nb3 Nc6 9. Nbxd4 Nxd4 10. Qxd4 Qxd4 11. Nxd4 Bd7 12. Bb5 Rc8 13. Bxd7+ Nxd7 14.
c3 Bc5 15. Be3 Ke7 16. Rfd1 Nb6 17. Nc2 Na4 18. Bxc5+ Rxc5 19. Rd4 b5 20. Rb1 e5
21. Rd2 Rd8 22. Rxd8 Kxd8 23. Kf1 Ke7 24. Ke1 Ke6 25. Ne3 f5 26. Kd2 f4 27. Nd1
e4 28. b3 Rd5+ 29. Kc2 Nc5 30. a4 a6 31. axb5 axb5 32. c4 bxc4 33. bxc4 Rh5 34.
Rb5 Kd6 35. h3 Rg5 36. Kc3 Rxg2 37. Kd4 e3 38. Rb6+ Kc7 39. Rb2 Na4 40. Ra2 Rg1
41. Nxe3 fxe3 42. fxe3 Rd1+ 43. Ke5 Nc5 44. Rg2 Rd7 45. Rg1 Kc6 46. h4 Re7+ 47.
Kf4 Kd6 48. Rd1+ Ke6 49. Rd5 Rf7+ 50. Kg4 Nd7 51. Ra5 Ne5+ 52. Kg3 Nxc4 53. Ra6+
Kd5 54. h5 Nxe3 55. Ra5+ Ke4 56. Ra4+ Ke5 57. Ra5+ Nd5 58. Ra6 Rb7 59. h6 g6 60.
Ra8 Kf5 61. Rg8 Nf6 0-1

[Event "London Classic FIDE Open"]
[Site "London ENG"]
[Date "2011.12.09"]
[Round "7"]
[White "Staneland, Peter E"]
[Black "Knecht, Guntram"]
[Result "1-0"]
[WhiteElo "1812"]
[BlackElo "2123"]
[WhiteFideId "416576"]
[BlackFideId "1609831"]
[EventDate "2011.12.03"]

1. Nf3 f5 2. c4 Nf6 3. Nc3 g6 4. d3 Bg7 5. e4 d6 6. Be2 c5 7. O-O Nc6 8. Bg5 h6
9. Be3 e5 10. exf5 gxf5 11. g3 f4 12. Bd2 Bh3 13. Re1 Qd7 14. Nh4 fxg3 15. Bh5+
Kd8 16. hxg3 a6 17. Ne4 Nxh5 18. Qxh5 Bg4 19. Qg6 Kc7 20. Nxd6 Raf8 21. Ne4 b6
22. b4 cxb4 23. c5 Rfg8 24. cxb6+ Kxb6 25. Be3+ Kc7 26. Nc5 Qc8 27. Rac1 Bf8 28.
Qf7+ Be7 29. Nxa6+ Qxa6 30. Qxe7+ Kb8 31. Qd6+ Kb7 32. Ng6 Rd8 33. Qc5 Rhe8 34.
a3 Nd4 35. Qc7+ Ka8 36. Bxd4 exd4 37. axb4 Rc8 38. Rxe8 Rxe8 39. b5 1-0

[Event "London Classic FIDE Open"]
[Site "London ENG"]
[Date "2011.12.09"]
[Round "7"]
[White "Keuneke, Hanno"]
[Black "Hayward, Alan"]
[Result "1/2-1/2"]
[WhiteElo "1782"]
[BlackElo "1984"]
[WhiteFideId "4609271"]
[BlackFideId "415936"]
[EventDate "2011.12.03"]

1. e4 d5 2. exd5 Nf6 3. d4 Bg4 4. Be2 Bxe2 5. Nxe2 Qxd5 6. O-O Nc6 7. Nbc3 Qh5
8. Bf4 O-O-O 9. Ng3 Qh4 10. Qc1 Nxd4 11. Bg5 Qg4 12. h3 Qd7 13. Rd1 Qc6 14. Qe3
e5 15. Qxe5 Bc5 16. Bxf6 gxf6 17. Qe4 Qa6 18. Nf5 Rhe8 19. Qg4 Ne6 20. Ne4 1/2-1/2

[Event "London Classic FIDE Open"]
[Site "London ENG"]
[Date "2011.12.09"]
[Round "7"]
[White "Kouchak, Jason"]
[Black "Amato, Giampiero"]
[Result "1/2-1/2"]
[WhiteElo "1776"]
[BlackElo "1973"]
[WhiteFideId "26011379"]
[BlackFideId "813303"]
[EventDate "2011.12.03"]

1. d4 Nf6 2. Nf3 c5 3. c3 Qc7 4. Bg5 Ne4 5. Bh4 cxd4 6. Nxd4 g5 7. Bg3 Nxg3 8.
hxg3 Nc6 9. e3 Nxd4 10. exd4 Bg7 11. Bd3 h6 12. Nd2 a6 13. Qe2 d6 14. f4 d5 15.
Rf1 Be6 16. O-O-O Bf6 17. Kb1 O-O-O 18. Nb3 Kb8 19. Nc5 Bc8 20. Qc2 Ka7 21. f5
Qxg3 22. Rf3 Qc7 23. Qa4 h5 24. b4 Kb8 25. Rf2 Rd6 26. Rb2 b5 27. Qa3 e5 28.
fxe6 fxe6 29. Qb3 e5 30. a4 exd4 31. cxd4 Bxd4 32. Rc1 Rc6 33. Rbc2 Bxc5 34.
axb5 axb5 35. Bxb5 Bf5 36. Bd3 Bxd3 37. Qxd3 Rb6 38. Rb2 Qb7 39. Rxc5 Qh7 40.
Rxd5 Qxd3+ 41. Rxd3 Rb5 42. Kc2 Re5 43. Kc3 Kb7 44. Kc4 Re4+ 45. Rd4 Re3 1/2-1/2

[Event "London Classic FIDE Open"]
[Site "London ENG"]
[Date "2011.12.09"]
[Round "7"]
[White "Vachtfeidl, Petr"]
[Black "Tortorella, Giancarlo"]
[Result "1/2-1/2"]
[WhiteElo "1969"]
[BlackElo "1766"]
[WhiteFideId "315028"]
[BlackFideId "824909"]
[EventDate "2011.12.03"]

1. e4 e5 2. Nf3 Nc6 3. Bb5 a6 4. Ba4 Nf6 5. O-O b5 6. Bb3 Be7 7. d4 O-O 8. Nxe5
Nxe5 9. dxe5 Ne8 10. Be3 Bb7 11. Nc3 c6 12. f4 Qc7 13. Qh5 a5 14. a4 b4 15. Ne2
d6 16. exd6 Qxd6 17. e5 Qc7 18. Rf3 c5 19. Rh3 h6 20. Bc4 Be4 21. Bd3 Bxd3 22.
cxd3 Rd8 23. d4 cxd4 24. Nxd4 Bc5 25. Nb5 Bxe3+ 26. Rxe3 Qc2 27. Re2 Rd1+ 28.
Rxd1 Qxd1+ 29. Kf2 Qxa4 30. Nd4 Nc7 1/2-1/2

[Event "London Classic FIDE Open"]
[Site "London ENG"]
[Date "2011.12.09"]
[Round "7"]
[White "Phillips, Owen S"]
[Black "York-Andersen, Anna"]
[Result "1/2-1/2"]
[WhiteElo "1959"]
[BlackElo "1755"]
[WhiteFideId "417882"]
[BlackFideId "416789"]
[EventDate "2011.12.03"]

1. b3 c6 2. Bb2 d5 3. e3 Nf6 4. f4 Bg4 5. Be2 Bxe2 6. Qxe2 e6 7. Nf3 Nbd7 8. d3
Qc7 9. Nbd2 Bd6 10. O-O O-O 11. h3 e5 12. f5 e4 13. dxe4 dxe4 14. Ng5 Rae8 15.
g4 1/2-1/2

[Event "London Classic FIDE Open"]
[Site "London ENG"]
[Date "2011.12.09"]
[Round "7"]
[White "Turner, David J"]
[Black "Plug, Arjan"]
[Result "1/2-1/2"]
[WhiteElo "1775"]
[BlackElo "1945"]
[WhiteFideId "419737"]
[BlackFideId "1011600"]
[EventDate "2011.12.03"]

1. e4 e6 2. d3 d5 3. Nd2 Nf6 4. g3 Be7 5. Bg2 O-O 6. Ngf3 c5 7. O-O Nc6 8. Re1
Rb8 9. e5 Nd7 10. h4 Qc7 11. Qe2 b5 12. Nf1 Re8 13. Bf4 a5 14. N1h2 Nf8 15. h5
Kh8 16. Ng4 Rb6 17. Kh2 Nd4 18. Qd2 Nxf3+ 19. Bxf3 c4 20. Qxa5 Bb7 21. Qd2 cxd3
22. Qxd3 Rc6 23. c3 Ba6 24. Rec1 Rc8 25. Qd2 Qa5 26. a3 Nd7 27. h6 g6 28. Bg5
Bxg5 29. Qxg5 Qd8 30. Qxd8+ Rxd8 31. a4 Nc5 32. axb5 Bxb5 33. Ra7 Rf8 34. c4 Nb3
35. Rc3 Bxc4 36. Ne3 Nd4 37. Bd1 Nb5 38. Ba4 d4 39. Bxb5 Bxb5 40. Rxc6 Bxc6 41.
Nc4 d3 42. b4 Bd5 43. Nd6 d2 44. Nxf7+ Kg8 45. Ng5 d1=Q 46. Rg7+ 1/2-1/2

[Event "London Classic FIDE Open"]
[Site "London ENG"]
[Date "2011.12.09"]
[Round "7"]
[White "Amier, Hamzah B. Mohd Zuhri"]
[Black "Cohen, Ronnie"]
[Result "1-0"]
[WhiteTitle "CM"]
[WhiteElo "1745"]
[BlackElo "1930"]
[WhiteFideId "5704588"]
[BlackFideId "412082"]
[EventDate "2011.12.03"]

1. d4 Nf6 2. c4 e6 3. Nc3 d5 4. Nf3 Be7 5. Bg5 O-O 6. e3 h6 7. Bh4 b6 8. Qc2 Bb7
9. Bxf6 Bxf6 10. cxd5 exd5 11. Bd3 Nd7 12. O-O-O Rc8 13. h4 c5 14. g4 cxd4 15.
exd4 Be7 16. g5 h5 17. Nh2 Bb4 18. Kb1 Bxc3 19. bxc3 Qc7 20. Rc1 Rfe8 21. g6 f6
22. Qd1 Nf8 23. Qxh5 Qd6 24. Ng4 Qf4 25. Bf5 Rc4 26. Nxf6+ gxf6 27. g7 1-0

[Event "London Classic FIDE Open"]
[Site "London ENG"]
[Date "2011.12.09"]
[Round "7"]
[White "Cetens, Edward"]
[Black "De Lagontrie, Jean"]
[Result "1/2-1/2"]
[WhiteElo "1708"]
[BlackElo "1912"]
[WhiteFideId "360465"]
[BlackFideId "605271"]
[EventDate "2011.12.03"]

1. c4 e6 2. g3 d5 3. cxd5 exd5 4. Bg2 Nf6 5. Nf3 Be7 6. O-O O-O 7. d4 Bf5 8. Nc3
c6 9. Bg5 Nbd7 10. Qb3 Qb6 11. Ne5 Rfe8 12. Nxd7 Nxd7 13. Bxe7 Rxe7 14. e3 1/2-1/2

[Event "London Classic FIDE Open"]
[Site "London ENG"]
[Date "2011.12.09"]
[Round "7"]
[White "Sigurdsson, Birkir Karl"]
[Black "Herda, Christoph"]
[Result "1/2-1/2"]
[WhiteElo "1649"]
[BlackElo "1908"]
[WhiteFideId "2304180"]
[BlackFideId "24623369"]
[EventDate "2011.12.03"]

1. c4 e5 2. g3 g6 3. Bg2 Bg7 4. Nc3 Nc6 5. Nf3 d6 6. O-O h6 7. a3 Be6 8. d3 Qd7
9. Re1 Bh3 10. Bh1 Nge7 11. Rb1 h5 12. Nh4 f6 13. Bf3 g5 14. Ng2 h4 15. b4 hxg3
16. fxg3 Nd4 17. e3 Nxf3+ 18. Qxf3 O-O-O 19. e4 Bxg2 20. Qxg2 Rh3 21. Be3 Rdh8
22. Re2 Ng8 23. Qf3 Nh6 24. Rbb2 f5 25. Bxg5 f4 26. Bxh6 Bxh6 27. Rg2 1/2-1/2

[Event "London Classic FIDE Open"]
[Site "London ENG"]
[Date "2011.12.09"]
[Round "7"]
[White "Kluger, Carsten"]
[Black "Opasiak, Dustin Tennessee"]
[Result "1/2-1/2"]
[WhiteElo "2060"]
[BlackElo "1737"]
[WhiteFideId "4680855"]
[BlackFideId "24630217"]
[EventDate "2011.12.03"]

1. e4 c6 2. Nc3 d5 3. f4 dxe4 4. Nxe4 Qa5 5. Qe2 Be6 6. Nf3 Nf6 7. Nfg5 Nxe4 8.
Nxe6 Nf6 9. Nxf8 Rxf8 10. g3 Na6 11. c3 O-O-O 12. Bh3+ e6 13. b4 Qh5 14. Qxh5
Nxh5 15. a4 Kb8 16. d4 Nc7 17. Bd2 Nf6 18. Bg2 Nfe8 19. O-O-O Nd6 20. Kc2 Nc4
21. Kb3 Nxd2+ 22. Rxd2 Nd5 23. Re1 Kc7 24. Rf2 Rde8 25. Bh3 h5 26. Bg2 Rh8 27.
f5 Nf6 28. fxe6 Rxe6 29. Rxe6 fxe6 30. h3 Kd6 31. Re2 Nd7 32. c4 Rf8 33. h4 e5
34. c5+ Kc7 35. dxe5 Re8 36. e6 Nf8 37. Bh3 Kd8 38. e7+ Rxe7 39. Rxe7 Kxe7 40.
Bc8 Ne6 41. Kc4 Nd8 42. a5 a6 43. Kd3 Kf6 44. Ke4 g6 45. Kf4 Ne6+ 46. Kf3 Nd8
47. Ke4 Ke7 48. Ke5 Nf7+ 49. Kf4 Nd8 50. Kg5 Kf7 51. Bh3 Kg7 52. Kf4 Kf6 53. Bc8
Ke7 54. Kg5 Kf7 55. g4 hxg4 56. Bxg4 Kg7 57. Be2 Ne6+ 58. Kg4 Kf6 59. Bd3 Nc7
60. Bc4 Ne6 61. Bd3 1/2-1/2

[Event "London Classic FIDE Open"]
[Site "London ENG"]
[Date "2011.12.09"]
[Round "7"]
[White "Kalerwa, Edwin M"]
[Black "Caorlin, Marco"]
[Result "1/2-1/2"]
[WhiteElo "1728"]
[BlackElo "1884"]
[WhiteFideId "422223"]
[BlackFideId "1317849"]
[EventDate "2011.12.03"]

1. Nf3 c5 2. c4 Nc6 3. g3 Nf6 4. Nc3 d5 5. cxd5 Nxd5 6. Bg2 Nxc3 7. bxc3 e5 8.
d3 Be7 9. O-O O-O 10. Rb1 Qc7 11. Qb3 Rb8 12. Nd2 Be6 13. Qa4 Bd7 14. Qd1 b5 15.
Bb2 Be6 16. c4 a6 17. a3 Rfd8 18. cxb5 axb5 19. Qc2 Na5 20. Qc3 f6 21. Rfc1 Rbc8
22. Ba1 Qb6 23. Qb2 Rb8 24. Rc2 Qa7 25. Qc1 Rdc8 26. Bc3 b4 27. axb4 cxb4 28.
Bb2 b3 29. Rxc8+ Rxc8 30. Qd1 Qb6 31. Rc1 Rxc1 32. Qxc1 Nb7 33. Qc6 Qxc6 34.
Bxc6 Bb4 35. Nxb3 Nd8 36. Ba4 Nf7 37. Nc1 Kf8 38. h4 Ke7 39. e3 Nh6 40. Bd1 Nf5
41. Bf3 Kd6 42. d4 exd4 43. exd4 Bc4 44. Be2 Bxe2 45. Nxe2 Kd5 46. Kg2 Ba5 47.
Kf3 g6 48. Nf4+ Kc4 49. d5 Nd4+ 50. Bxd4 Kxd4 51. Ne6+ Kxd5 52. Nf8 Bb4 53. Nxh7
Ke6 54. g4 Be7 55. Kf4 Bd6+ 56. Ke4 Be7 57. Kf4 Bd6+ 58. Kf3 Be7 59. Kg3 Kf7 60.
g5 f5 61. Kf4 Bd6+ 62. Kf3 Be7 1/2-1/2

[Event "London Classic FIDE Open"]
[Site "London ENG"]
[Date "2011.12.09"]
[Round "7"]
[White "Lie, Terje"]
[Black "McCarthy, Damian"]
[Result "0-1"]
[WhiteElo "1644"]
[BlackElo "1882"]
[WhiteFideId "1504916"]
[BlackFideId "422240"]
[EventDate "2011.12.03"]

1. d4 Nf6 2. Nf3 e6 3. g3 b6 4. Bg2 Bb7 5. c4 Bb4+ 6. Bd2 Qe7 7. Nc3 O-O 8. O-O
d6 9. a3 Bxc3 10. Bxc3 Ne4 11. Be1 c5 12. d5 e5 13. Nd2 Nxd2 14. Bxd2 Nd7 15. e4
f5 16. exf5 Rxf5 17. Be4 Rff8 18. Qc2 Nf6 19. Bg5 h6 20. Bxf6 Rxf6 21. Rae1 Qf7
22. f3 Rf8 23. Qd3 Bc8 24. Kg2 Qh5 25. h4 g5 26. b4 gxh4 27. bxc5 bxc5 28. Re3
hxg3 29. Rh1 Qg5 30. Ree1 h5 31. Qe3 Rf4 32. Qd3 Kg7 33. Qc3 h4 34. Qc1 h3+ 35.
Kg1 h2+ 36. Rxh2 gxh2+ 37. Kh1 Bh3 38. Re2 Rh8 39. Qe3 Qg2+ 40. Rxg2+ Bxg2+ 0-1

[Event "London Classic FIDE Open"]
[Site "London ENG"]
[Date "2011.12.09"]
[Round "7"]
[White "Wright, Jonathan ENG"]
[Black "Miu, Marinel"]
[Result "1-0"]
[WhiteElo "1846"]
[BlackElo "1609"]
[WhiteFideId "418331"]
[BlackFideId "1220691"]
[EventDate "2011.12.03"]

1. e4 e5 2. Nf3 Nc6 3. Bb5 Nf6 4. O-O Nxe4 5. d4 Nd6 6. Bxc6 dxc6 7. dxe5 Nf5 8.
Qxd8+ Kxd8 9. Rd1+ Ke8 10. Nc3 h6 11. b3 Be6 12. Bb2 Rd8 13. Rxd8+ Kxd8 14. Rd1+
Kc8 15. Ne4 b6 16. h3 c5 17. c4 Be7 18. g3 Rd8 19. Rxd8+ Bxd8 20. Kg2 a5 21. a4
Ne7 22. g4 Ng6 23. Kg3 Be7 24. h4 Kb7 25. h5 Nf8 26. Nfd2 Nh7 27. f4 Bf8 28. f5
Bd7 29. Kf4 Kc8 30. g5 hxg5+ 31. Nxg5 Nxg5 32. Kxg5 Be7+ 33. f6 Bf8 34. Ne4 Bc6
35. Ng3 Bf3 36. fxg7 Bxg7 37. Nf5 Bh8 38. Nh6 Bd1 39. Nxf7 Bg7 40. Kg6 Bf8 41.
e6 Bxb3 42. Ne5 Bxa4 43. Kf7 Bd6 44. h6 Bxe5 45. Bxe5 Bc2 46. e7 1-0

[Event "London Classic FIDE Open"]
[Site "London ENG"]
[Date "2011.12.09"]
[Round "7"]
[White "Andersen, Niels Erik"]
[Black "Steinhart, Roel"]
[Result "1-0"]
[WhiteElo "2018"]
[BlackElo "1594"]
[WhiteFideId "1406507"]
[BlackFideId "1040146"]
[EventDate "2011.12.03"]

1. d4 d5 2. c4 Bf5 3. Nc3 e6 4. Nf3 Na6 5. a3 h6 6. Bf4 Qd7 7. Ne5 Qd8 8. e3 f6
9. Nf3 Qd7 10. Rc1 c5 11. cxd5 cxd4 12. Bb5 dxc3 13. Bxd7+ Kxd7 14. Rxc3 exd5
15. Qxd5+ Bd6 16. Qxf5+ Ke7 17. O-O Nc5 18. Bxd6+ Kxd6 19. Qxc5+ Ke6 20. Nd4+
Kf7 21. Qh5+ g6 22. Rc7+ Ne7 23. Qd5+ Kf8 24. Qe6 Re8 25. Qxf6+ Kg8 26. Rxe7
Rxe7 27. Qxe7 Rh7 28. Qe6+ Kh8 29. Rc1 Rg7 30. Rc8+ Kh7 31. Qe8 g5 32. Qe4+ Rg6
33. Rc7+ Kh8 34. Qxg6 b6 35. Qg7# 1-0

[Event "London Classic FIDE Open"]
[Site "London ENG"]
[Date "2011.12.09"]
[Round "7"]
[White "Haddock, Paul"]
[Black "Holowczak, Alex R"]
[Result "0-1"]
[WhiteElo "1695"]
[BlackElo "1670"]
[WhiteFideId "419150"]
[BlackFideId "418668"]
[EventDate "2011.12.03"]

1. e4 e6 2. d4 d5 3. Nd2 dxe4 4. Nxe4 Nf6 5. Ng3 c5 6. Nf3 cxd4 7. Qxd4 Qxd4 8.
Nxd4 Bc5 9. Nb5 Bb6 10. Be3 Bxe3 11. fxe3 Nd5 12. e4 Ne3 13. Kf2 Ng4+ 14. Kf3
Ne5+ 15. Ke3 Na6 16. Be2 O-O 17. c3 Rb8 18. Nxa7 Bd7 19. Nb5 Rfd8 20. Rad1 Ng4+
21. Bxg4 Bxb5 22. e5 Nc5 23. b3 Nd7 24. Rhe1 Nxe5 25. Be2 Bc6 26. Ne4 h6 27. g3
Ra8 28. a4 Rac8 29. Rf1 Ng6 30. Nd6 Rc7 31. Rd2 Rcd7 32. Rfd1 Bd5 33. Nxb7 Rxb7
34. c4 Rxb3+ 35. Kf2 Ra3 36. cxd5 Rxd5 37. Bb5 Ne7 38. Rxd5 Nxd5 39. Bc6 Nc3 40.
Rd3 Ra2+ 41. Kf3 Nxa4 42. Rd8+ Kh7 43. Ra8 Nc3 0-1

[Event "London Classic FIDE Open"]
[Site "London ENG"]
[Date "2011.12.10"]
[Round "8"]
[White "Gupta, Abhijeet"]
[Black "Jones, Gawain C B"]
[Result "1-0"]
[WhiteTitle "GM"]
[BlackTitle "GM"]
[WhiteElo "2640"]
[BlackElo "2635"]
[WhiteFideId "5010608"]
[BlackFideId "409561"]
[EventDate "2011.12.03"]

1. d4 Nf6 2. c4 g6 3. Nc3 Bg7 4. e4 d6 5. Nf3 O-O 6. h3 e5 7. d5 Na6 8. Bg5 Qe8
9. g4 Nc5 10. Qc2 a5 11. Be2 Bd7 12. Be3 c6 13. Nd2 Qd8 14. Rg1 a4 15. h4 Qa5
16. g5 Nh5 17. Bxh5 gxh5 18. a3 f5 19. gxf6 Rxf6 20. O-O-O Raf8 21. Rg2 Be8 22.
Nf1 Nb3+ 23. Kb1 Bg6 24. Ng3 R6f7 25. Nf5 Rxf5 26. exf5 Bxf5 27. Ne4 cxd5 28.
cxd5 Kh8 29. f3 Rc8 30. Qe2 Qc7 31. Rdg1 Bg6 32. Rxg6 hxg6 33. Qg2 Rf8 34. Qxg6
Qf7 35. Qg5 Qg8 36. Qxh5+ Qh7 37. Qg4 Nd4 38. Bxd4 exd4 39. Ka2 d3 40. Nxd6 Be5
41. Qe6 Bf4 42. Ne4 Qf5 43. Rg8+ Kh7 44. Rxf8 Qxf8 45. Nf6+ Kg7 46. Qg4+ 1-0

[Event "London Classic FIDE Open"]
[Site "London ENG"]
[Date "2011.12.10"]
[Round "8"]
[White "Houska, Jovanka"]
[Black "Wells, Peter K"]
[Result "1/2-1/2"]
[WhiteTitle "IM"]
[BlackTitle "GM"]
[WhiteElo "2415"]
[BlackElo "2492"]
[WhiteFideId "405094"]
[BlackFideId "400327"]
[EventDate "2011.12.03"]

1. d4 Nf6 2. Nf3 e6 3. c4 b6 4. g3 Ba6 5. b3 Bb4+ 6. Bd2 Be7 7. Bg2 c6 8. Bc3 d5
9. Nbd2 Nbd7 10. O-O O-O 11. Re1 c5 12. e4 dxc4 13. Nxc4 Bb7 14. Nfe5 cxd4 15.
Bxd4 Bb4 16. Nxd7 Nxd7 17. Re3 b5 18. Ne5 Nxe5 19. Bxe5 Bc5 20. Rd3 Qb6 21. Qd2
Rad8 22. Rxd8 Rxd8 23. Qg5 Bf8 24. Rc1 Rc8 25. Rxc8 Bxc8 26. Qd2 h6 1/2-1/2

[Event "London Classic FIDE Open"]
[Site "London ENG"]
[Date "2011.12.10"]
[Round "8"]
[White "Thorfinnsson, Bjorn"]
[Black "Grover, Sahaj"]
[Result "0-1"]
[WhiteTitle "IM"]
[BlackTitle "IM"]
[WhiteElo "2402"]
[BlackElo "2515"]
[WhiteFideId "2300982"]
[BlackFideId "5021103"]
[EventDate "2011.12.03"]

1. d4 d5 2. Nf3 Nf6 3. c4 c6 4. e3 Bg4 5. Qb3 Qb6 6. Nc3 e6 7. Bd3 Nbd7 8. Nd2
e5 9. Qxb6 axb6 10. cxd5 exd4 11. exd4 Nxd5 12. Nxd5 cxd5 13. Nf1 Ra4 14. Be3
Bb4+ 15. Nd2 O-O 16. h3 Be6 17. a3 Nb8 18. Rc1 Bd6 19. Nb1 Ra8 20. Nc3 Nc6 21.
Nb5 Be7 22. O-O Rac8 23. b4 Bd7 24. Be2 f5 25. Bf3 Kh8 26. Bxd5 Nxb4 27. Bxb7
Rb8 28. Rc7 Bxb5 29. Rxe7 Bxf1 30. axb4 f4 31. Bd2 Bc4 32. d5 Kg8 33. d6 Rf7 34.
Bc6 g5 35. Re8+ Rxe8 36. Bxe8 Rf6 37. d7 Rd6 38. Bc3 Be6 39. Be5 Rd1+ 40. Kh2
Bxd7 0-1